000 00578cam a22002411 4500
001 sa 66007812
003 DLC
005 20260227112307.0
008 940907s1962 ii 000 0 orio
010 _asa 66007812
025 _aPL480:I-O-657
035 _a(OCoLC)31063556
040 _aDLC
_cCU
_dCU
_dDLC
042 _apremarc
050 0 0 _aPK2579.D3434
_bG3
100 1 _aDas, Nikunja Kishor,
_d1900-
245 1 0 _aGautama Buddha.
260 _c[1962]
300 _a182 p.
_c19 cm.
500 _aIn Oriya.
500 _aA play.
600 0 0 _aGautama Buddha
_vDrama.
999 _c71415
_d71415